| 000 | 02518nam a2200433 i 4500 | ||
|---|---|---|---|
| 001 | 991061739573106706 | ||
| 003 | ES-BaIT | ||
| 005 | 20260401084620.0 | ||
| 008 | 260401s1765 sp 000 1 spa c | ||
| 026 |
_e dor: a!er e.s. Ma¡O 3 1765 R _2 fei |
||
| 040 |
_aES-BaIT _bcat _erda _cES-BaIT |
||
| 080 | _a782.1.089 | ||
| 245 | 0 | 4 |
_aLos Trueca-novias : _bopera jocosa en un acto |
| 264 | 1 |
_aEn Madrid : _bEn la imprenta de D. Antonio Muñòz del Valle, calle del Carmen, _cAño de MDCCLXV [1765] |
|
| 300 |
_a29, [3] pàgines ; _c8º (15 cm) |
||
| 336 |
_atext _btxt _2rdacontent |
||
| 337 |
_asense mediació _bn _2rdamedia |
||
| 338 |
_avolum _bnc _2rdacarrier |
||
| 500 | _aEl títol obtingut de la pàgina 3 | ||
| 500 | _aA la portadella el títol: Los Trueca-novias. Opera jocósa. | ||
| 500 | _aSignatures: *-**8 (verso del full** 7 i full **8, en blanc) | ||
| 500 | _aP4: D2, H2 | ||
| 500 | _aInclou repartiment | ||
| 530 | _aReproducció digital disponible a Biblioescènic | ||
| 593 |
_bVIT-059/03 _cEnquadernació holandesa amb puntes, en color blau, guardes marbrejades, tall jaspiat. Exemplar guillotinat. Etiqueta d'antic topogràfic Vitrina A Estante 2 en full de guarda volant anterior. Relligat en volum factici, títol al llom: Entremeses raros VI _fEx-libris de la Colección teatral Arturo Sedó a la contracoberta anterior. Llistat manuscrit al full de guarda anterior de les obres que conté el volum _gExemplar digitalitzat per Crossland, 2022 _hArtur Sedó |
||
| 593 |
_b30589 _cEnquadernació en mitja pell vermella. Relligat en volum factici, títol al llom: Colección / Teatral / Varios autores / No 30587 / 30592 / A.S. [Artur Sedó] _f Ex-libris de la Colección teatral Arturo Sedó a la contracoberta anterior. Segell de la Colección teatral Arturo Sedó a portada. Procedència Armando Cotarelo _hArtur Sedó |
||
| 650 | 0 |
_aÒperes _vLlibrets _xObres anteriors a 1800 _998274 |
|
| 700 |
_aMuñoz del Valle, Antonio _eimpressor _997206 |
||
| 730 | 0 |
_aCol·lecció digital Biblioescènic del MAE _969172 |
|
| 752 |
_aEspanya _dMadrid |
||
| 856 | 4 | 1 |
_zAccés lliure (Biblioescènic) _3Exemplar (VIT-059/03) _uhttps://books.cdmae.cat/visorpdf/?recurs=SV0059-03 |
| 856 | 4 | 2 |
_zFitxa del catàleg manual _uhttps://www.cdmae.cat/sedo/imgtitulos/069/P0000423.gif |
| 856 | 4 | 2 |
_zFitxa del catàleg manual _uhttps://www.cdmae.cat/sedo/imgtitulos/069/P0000422.gi |
| 902 | _aFons antic | ||
| 902 | _aPatrimoni | ||
| 908 | _aCDMAE | ||
| 940 | _aCDMAE | ||
| 942 |
_2udc _cDIGITAL |
||
| 999 |
_c137341 _d137341 |
||